000 01391nam a22003494a 4500
001 ebr10023552
003 CaPaEBR
006 m u
007 cr cn|||||||||
008 020530s2002 enk sb 001 0 eng
010 _z 2002073438
020 _z0521800471 (hardback)
020 _z0521804825 (pbk.)
040 _aCaPaEBR
_cCaPaEBR
035 _a(OCoLC)559425976
050 1 4 _aHM1096
_b.S74 2002eb
082 0 4 _a303.3/85
_221
245 0 0 _aStereotypes as explanations
_h[electronic resource] :
_bthe formation of meaningful beliefs about social groups /
_c[edited by] Craig McGarty, Vincent Y. Yzerbyt, and Russell Spears.
260 _aLondon ;
_aNew York :
_bCambridge University Press,
_c2002.
300 _ax, 231 p.
504 _aIncludes bibliographical references (p. 200-224) and indexes.
533 _aElectronic reproduction.
_bPalo Alto, Calif. :
_cebrary,
_d2013.
_nAvailable via World Wide Web.
_nAccess may be limited to ebrary affiliated libraries.
650 0 _aStereotypes (Social psychology)
650 0 _aSocial groups.
650 0 _aPrejudices.
655 7 _aElectronic books.
_2local
700 1 _aMcGarty, Craig.
700 1 _aYzerbyt, Vincent.
700 1 _aSpears, Russell.
710 2 _aebrary, Inc.
856 4 0 _uhttp://site.ebrary.com/lib/rucke/Doc?id=10023552
_zAn electronic book accessible through the World Wide Web; click to view
999 _c7839
_d7839